Datum a čas kvízu
27
Celkem bodů
Celkový počet nahraných bodů na tomto kvízu bez doplňovacích otázek.
7.
Pořadí na kvízu
Konečné umístění týmu na tomto kvízu.
Zaznamenané odpovědi
| # | Otázka | Odpověď | Body | Výsledky |
|---|---|---|---|---|
| 1. | Ve druhém červnovém týdnu mělo... | Bolevec | 0 | |
| 2. | Podle aktuálního žebříčku spo... | v Lisabonu | 0 | |
| 3. | Ve čtvrtek se konala svatba je... | Britney Spears | 0 | |
| 4. | Poslanci Evropského parlamentu... | od roku 2035 | 1 | |
| 5. | Dvaadvacetiletý odchovanec Dyn... | Dallas Stars | 1 | |
| 6. | Z nebe padá ledacos, ale nejča... | A | 0 | |
| 7. | Pád z nebe potkal i syna stavi... | Íkaros; Daidalos | 0.5 | |
| 8. | Když venku prší opravdu hodně... | A | 0 | |
| 9. | Ve kterém roce byla požárem zn... | 1937 (uznáváme od 1935 do 1939) | 0 | |
| 10. | Československá televize uvedla... | Majka; Gurun | 1 |